| 000 | 00820cam a22002174a 4500 | ||
|---|---|---|---|
| 005 | 20250605164017.0 | ||
| 008 | 250528s ||||||||||||||||||||||||d | ||
| 035 | _a16199 | ||
| 020 | _a713127678 | ||
| 040 |
_aGR-AtMCL _bgre _dGR-AtMCL _eAACR2 |
||
| 245 | 1 | _aThe Structure and Function of Enzymes / Second Edition | |
| 250 | _a2nd | ||
| 260 | _c1979 | ||
| 300 | _a68 | ||
| 520 | _aThis book presents recent advances in the knowledge of the structure and function and enzymes in a biological context. Preface, Enzymes as Chemical Catalysts, Protein Structure, Nomenclature and Coenzymes and Methods in Enzymology, Factors Affecting Enzyme Activity, Enzymes in Action, Further Reading. | ||
| 700 | 1 |
_aColin H. Wynn _92273 |
|
| 700 | 1 |
_aWynn Colin H _92274 |
|
| 942 | _cBK | ||
| 999 |
_c1730 _d1730 |
||